| 000 | 00371nam a2200145Ia 4500 | ||
|---|---|---|---|
| 008 | 210719s1958 xx 000 0 und d | ||
| 041 | _aeng | ||
| 082 | _a160 SRIE | ||
| 100 | _aMURTY (C V Srinivasa) | ||
| 245 | _aElements of logic & scientific method. | ||
| 260 |
_aMysore _bKavyalaya Publishers _c1958 |
||
| 300 |
_avi,171 _bPB |
||
| 365 |
_b15 _cRs |
||
| 650 | _aLogic | ||
| 999 |
_c212634 _d212634 |
||